International who's who of intellectuals (Record no. 15936)

MARC details
000 -LEADER
fixed length control field 00357nam a2200133Ia 4500
082 ## - DEWEY DECIMAL CLASSIFICATION NUMBER
Classification number RR 920.9305552 INT;
245 #0 - TITLE STATEMENT
Title International who's who of intellectuals
250 ## - EDITION STATEMENT
Edition statement 7th
260 ## - PUBLICATION, DISTRIBUTION, ETC. (IMPRINT)
Place of publication Cambridge
Name of publisher International Biographical Centre
Year of publication 1987
300 ## - PHYSICAL DESCRIPTION
Number of Pages 960vp.
650 ## - SUBJECT ADDED ENTRY--TOPICAL TERM
Topical Term Biography - Directories
650 ## - SUBJECT ADDED ENTRY--TOPICAL TERM
Topical Term Celebrities - Biography
942 ## - ADDED ENTRY ELEMENTS (KOHA)
Koha item type Books
Holdings
Withdrawn status Lost status Damaged status Not for loan Home library Current library Date acquired Bill Date Full call number Accession Number Price effective from Koha item type
        NASSDOC Library NASSDOC Library 08/06/2004 2004-10-22 RR 920.9305552 INT; 26849 18/04/2019 Books